日本の声優事務所(日本声優事業者協議会会員) - Statistics

General Stats
  • This quiz has been taken 29 times
  • The average score is 7 of 50
Answer Stats
Answer % Correct
青二プロダクション
85%
81プロデュース
58%
賢プロダクション
46%
東京俳優生活協同組合
42%
アイムエンタープライズ
35%
アトミックモンキー
35%
大沢事務所
31%
アクセルワン
27%
シグマ・セブン
27%
ぷろだくしょんバオバブ
27%
アーツビジョン
19%
ケンユウオフィス
19%
マウスプロモーション
19%
EARLY WING
19%
アクロスエンタテインメント
15%
BLACK SHIP
12%
アクセント
8%
オフィスアネモネ
8%
オフィス薫
8%
クレイジーボックス
8%
ケッケコーポレーション
8%
ステイラック
8%
アットプロダクション
4%
アールグルッペ
4%
アル・シェア
4%
エーエス企画
4%
プロダクション・エース
4%
エスエスピー
4%
懸樋プロダクション
4%
ガジェットリンク
4%
銀プロダクション
4%
スチール・ウッド・ガーデン
4%
イエローテイル
4%
プロダクション・タンク
4%
テアトルアカデミー
4%
オフィス・ティービー
4%
プロダクション東京ドラマハウス
4%
パワー・ライズ
4%
ビーフェクト
4%
フェザード
4%
三木プロダクション
4%
ムーブマン
4%
リマックス
4%
AZクリエイティブ
4%
B-Box
4%
オフィスPAC
4%
Ritrovo
4%
Rush Style
4%
studio A-CAT
4%
TABプロダクション
4%
No matching quizzes found
Score Distribution
Percent of People with Each Score
Percentile by Number Answered
Your Score History
You have not taken this quiz